000 01860cam a2200337 a 4500
003 EG-GiCUC
005 20250223030844.0
008 130828s2013 ua dh f m 000 0 eng d
040 _aEG-GiCUC
_beng
_cEG-GiCUC
041 0 _aeng
049 _aDeposite
097 _aPh.D
099 _aCai01.11.15.Ph.D.2013.Ja R
100 0 _aJasmine Ahmed Mohamed Youssef
245 1 0 _aRole of 3D ultrasound and office hysteroscopy in evaluation of uterine causes of cases of recurrent abortion /
_cJasmine Ahmed Mohamed Youssef ; Supervised Mohammed Ehab Slait , Mostafa Abdallah Abdelbarr
246 1 5 _aدور الموجات الصوتية ثلاثية الابعاد والمنظار الرحمى المكتبى فى تقييم الاسباب الرحمية لحالات الاجهاض المتكرر
260 _aCairo :
_bJasmine Ahmed Mohamed Youssef ,
_c2013
300 _a117P. :
_bcharts , facsimiles ;
_c25cm
502 _aThesis (Ph.D.) - Cairo University - Faculty of Medicine - Department of Gynecology and Obstetrics
520 _aSpontaneous abortion is the most common complication of pregnancy and is responsible for significant emotional distress to couples desiring children . Habitual abortion was classically defined as the occurrence of two or more consecutive clinically recognized pregnancy losses before 20 weeks from the last menstrual period . To evaluate uterine cavity pathology in cases of habitual abortion using office hysteroscopy and 3D ultrasound
530 _aIssued also as CD
653 4 _aHabitual abortion
653 4 _aOffice hysteroscopy
653 4 _aUterine anomalies
700 0 _aMohammed Ehab Slait ,
_eSupervisor
700 0 _aMostafa Abdallah Abdelbarr ,
_eSupervisor
856 _uhttp://172.23.153.220/th.pdf
905 _aFatma
_eCataloger
905 _aNazla
_eRevisor
942 _2ddc
_cTH
999 _c43352
_d43352